|
|
|
|
| LEADER |
00000nam0a2200000 4500 |
| 001 |
213455 |
| 005 |
20231031193120.0 |
| 035 |
|
|
|a (RuTPU)RU\TPU\book\233250
|
| 090 |
|
|
|a 213455
|
| 100 |
|
|
|a 20120411d1973 m y0rusy50 ca
|
| 101 |
0 |
|
|a rus
|
| 102 |
|
|
|a RU
|
| 105 |
|
|
|a a j 000zy
|
| 200 |
1 |
|
|a Аналитическая геометрия в пространстве. Дифференциальное исчисление функций нескольких переменных. Дифференциальные уравнения
|e учебное пособие
|f С. И. Итенберг, Л. А. Кальницкий, Н. М. Матвеев
|g Северо-Западный заочный политехнический институт (СЗПИ)
|
| 210 |
|
|
|a Ленинград
|c Изд-во СЗПИ
|d 1973
|
| 215 |
|
|
|a 241 с.
|c ил.
|
| 610 |
1 |
|
|a аналитическая геометрия
|
| 610 |
1 |
|
|a дифференциальное исчисление
|
| 610 |
1 |
|
|a функции нескольких переменных
|
| 610 |
1 |
|
|a дифференциальные уравнения
|
| 610 |
1 |
|
|a пространство
|
| 610 |
1 |
|
|a частные производные
|
| 610 |
1 |
|
|a учебные пособия
|
| 675 |
|
|
|a 514.12(075.8)
|v 3
|
| 675 |
|
|
|a 517.2(075.4)
|v 3
|
| 675 |
|
|
|a 517.9(075.4)
|v 3
|
| 700 |
|
1 |
|a Итенберг
|b С. И.
|g Семен Израилевич
|
| 701 |
|
1 |
|a Кальницкий
|b Л. А.
|
| 701 |
|
1 |
|a Матвеев
|b Н. М.
|
| 712 |
0 |
2 |
|a Северо-Западный заочный политехнический институт (СЗПИ)
|c (Ленинград)
|2 stltpush
|3 (RuTPU)RU\TPU\col\2602
|
| 801 |
|
1 |
|a RU
|b 63413507
|c 20120411
|
| 801 |
|
2 |
|a RU
|b 63413507
|c 20200828
|g RCR
|
| 942 |
|
|
|c BK
|